[Event "33. Senioren LEM Sachsen-Anhalt 50+"]
[Site "Magdeburg, Germany"]
[Date "2025.07.12"]
[Round "6.1"]
[White "Zschischang, Marine"]
[Black "Lang, Torsten"]
[Result "1/2-1/2"]
[WhiteElo "2080"]
[BlackElo "2295"]
[PlyCount "29"]
[EventDate "2025.??.??"]

1. d4 g6 2. e4 Bg7 3. Be3 d6 4. Qd2 a6 5. h4 Nf6 6. f3 h5 7. Bd3 c5 8. c3 Qc7
9. Ne2 Nbd7 10. O-O b6 11. a4 Bb7 12. Na3 Rd8 13. Rac1 O-O 14. Bh6 e5 15. d5
1/2-1/2

[Event "33. Senioren LEM Sachsen-Anhalt 50+"]
[Site "Magdeburg, Germany"]
[Date "2025.07.12"]
[Round "6.2"]
[White "Bub, Volker"]
[Black "Kargoll, Boris"]
[Result "1/2-1/2"]
[WhiteElo "2095"]
[BlackElo "2255"]
[PlyCount "55"]
[EventDate "2025.??.??"]

1. Nf3 d5 2. g3 Nf6 3. Bg2 c5 4. O-O Nc6 5. d3 Bf5 6. Nc3 e6 7. h3 h6 8. Bd2
Be7 9. Re1 Bh7 10. e4 d4 11. Ne2 O-O 12. Nh2 c4 13. f4 cxd3 14. cxd3 Qb6 15. g4
Nxe4 16. Bxe4 Bxe4 17. dxe4 d3+ 18. Kg2 dxe2 19. Rxe2 Rfd8 20. Nf3 Rd3 21. Ne1
Rd7 22. Nf3 Rad8 23. Qe1 Nd4 24. Ba5 Nxe2 25. Bxb6 Nxf4+ 26. Kg3 Nd3 27. Qe3
axb6 28. e5 1/2-1/2

[Event "33. Senioren LEM Sachsen-Anhalt 50+"]
[Site "Magdeburg, Germany"]
[Date "2025.07.12"]
[Round "6.3"]
[White "Jensen, Jakob Bjerre"]
[Black "Kiesel, Harald"]
[Result "1/2-1/2"]
[WhiteElo "2167"]
[BlackElo "1976"]
[PlyCount "49"]
[EventDate "2025.??.??"]

1. d4 d5 2. c4 e6 3. Nc3 Nf6 4. cxd5 exd5 5. Bg5 Be7 6. e3 c6 7. Bd3 Nbd7 8.
Qc2 Nh5 9. Bxe7 Qxe7 10. Nge2 Nb6 11. O-O g6 12. Nf4 Nxf4 13. exf4 O-O 14. f5
Qf6 15. fxg6 fxg6 16. Rae1 Bf5 17. Bxf5 Qxf5 18. Qxf5 Rxf5 19. Re7 Rf7 20. Rfe1
Raf8 21. R7e2 Rf4 22. Rd1 Nc4 23. f3 Nd6 24. Re6 R4f6 25. Re7 1/2-1/2

[Event "33. Senioren LEM Sachsen-Anhalt 50+"]
[Site "Magdeburg, Germany"]
[Date "2025.07.12"]
[Round "6.4"]
[White "Junggebauer, Thomas"]
[Black "Solberg, Joachim"]
[Result "0-1"]
[WhiteElo "2003"]
[BlackElo "2151"]
[PlyCount "132"]
[EventDate "2025.??.??"]

1. e4 c5 2. Nf3 Nc6 3. d4 cxd4 4. Nxd4 Nf6 5. Nc3 e5 6. Nf3 Bb4 7. Qd3 d5 8.
Bd2 d4 9. Nb1 O-O 10. a3 Be7 11. Be2 Bg4 12. Bg5 Qa5+ 13. c3 dxc3 14. Nxc3 Rfd8
15. Qb5 Qxb5 16. Bxb5 Bxf3 17. Bxc6 Bxg2 18. Rg1 bxc6 19. Rxg2 Rab8 20. f3 Kf8
21. Rd1 g6 22. Rc2 Ke8 23. Na4 Rxd1+ 24. Kxd1 Kd7 25. Be3 a6 26. Bc5 Bxc5 27.
Nxc5+ Kd6 28. Nxa6 Ra8 29. Rd2+ Ke7 30. Nc5 Ra5 31. Rc2 Nd7 32. Nb3 Rb5 33. Rc3
Kd6 34. Kc2 Nb6 35. Nd2 Nd7 36. a4 Rb8 37. Nc4+ Kc7 38. b3 f6 39. Na5 c5 40.
Nc4 Nb6 41. Ne3 Kd6 42. a5 Nc8 43. Rc4 Ne7 44. Nd5 Nc6 45. Rc3 Nxa5 46. Nxf6
Nc6 47. Rd3+ Nd4+ 48. Kd1 h5 49. Nd5 Rf8 50. Nc3 Rxf3 51. Nb5+ Ke7 52. Rc3 Rf1+
53. Kd2 Nxb5 54. Rxc5 Nd4 55. Rxe5+ Ne6 56. b4 Rf2+ 57. Kc3 Rxh2 58. b5 Rf2 59.
Kc4 Rc2+ 60. Kb4 h4 61. Rd5 h3 62. Rd1 Nd8 63. Kb3 Rc5 64. Kb4 Rh5 65. b6 h2
66. Rh1 g5 0-1

[Event "33. Senioren LEM Sachsen-Anhalt 50+"]
[Site "Magdeburg, Germany"]
[Date "2025.07.12"]
[Round "6.5"]
[White "Oppitz, Peter"]
[Black "Rabus, Berthold"]
[Result "1/2-1/2"]
[WhiteElo "2034"]
[BlackElo "2127"]
[PlyCount "36"]
[EventDate "2025.??.??"]

1. e4 c5 2. Nf3 d6 3. d4 cxd4 4. Nxd4 Nf6 5. Nc3 a6 6. Be2 e5 7. Nb3 Be7 8. O-O
O-O 9. Be3 Be6 10. Qd2 Nbd7 11. a4 Rc8 12. a5 Ng4 13. Bxg4 Bxg4 14. Nd5 Be6 15.
Rac1 Rc4 16. f3 Bxd5 17. Qxd5 Qc7 18. Qd3 Rc8 1/2-1/2

[Event "33. Senioren LEM Sachsen-Anhalt 50+"]
[Site "Magdeburg, Germany"]
[Date "2025.07.12"]
[Round "6.6"]
[White "Schoetzig, Detlef"]
[Black "Puschendorf, Steffen"]
[Result "1/2-1/2"]
[WhiteElo "2111"]
[BlackElo "2017"]
[PlyCount "61"]
[EventDate "2025.??.??"]

1. d4 d5 2. Bf4 e6 3. Nf3 c5 4. c3 Bd6 5. Bxd6 Qxd6 6. dxc5 Qxc5 7. Qd4 Qxd4 8.
cxd4 Nc6 9. Nc3 Nf6 10. e3 Ke7 11. Rc1 Bd7 12. Bd3 Rhc8 13. Ke2 h6 14. h3 Ne8
15. Rhd1 Nd6 16. Nb5 a6 17. Nxd6 Kxd6 18. Rc3 Rc7 19. Rdc1 Rac8 20. Ne5 Be8 21.
Nxc6 Rxc6 22. Kd2 Rxc3 23. Rxc3 Rxc3 24. Kxc3 a5 25. b4 b6 26. Kb3 f6 27. bxa5
bxa5 28. Kc3 g5 29. f4 h5 30. Be2 h4 31. Bf3 1/2-1/2

[Event "33. Senioren LEM Sachsen-Anhalt 50+"]
[Site "Magdeburg, Germany"]
[Date "2025.07.12"]
[Round "6.7"]
[White "Koenig, Dirk"]
[Black "Koenig, Marco"]
[Result "1/2-1/2"]
[WhiteElo "1974"]
[BlackElo "2075"]
[PlyCount "31"]
[EventDate "2025.??.??"]

1. d4 d5 2. Nf3 Nf6 3. Bf4 e6 4. e3 c5 5. c3 Nc6 6. Nbd2 Bd6 7. Ne5 Qc7 8. Ndf3
Nd7 9. Bb5 O-O 10. Nxd7 Bxd7 11. Bxd6 Qxd6 12. Bd3 e5 13. dxe5 Nxe5 14. Nxe5
Qxe5 15. O-O Bc6 16. Qc2 1/2-1/2

[Event "33. Senioren LEM Sachsen-Anhalt 50+"]
[Site "Magdeburg, Germany"]
[Date "2025.07.12"]
[Round "6.9"]
[White "Dannhauer, Frank"]
[Black "Krannich, Thomas"]
[Result "1/2-1/2"]
[WhiteElo "1935"]
[BlackElo "2063"]
[PlyCount "128"]
[EventDate "2025.??.??"]

1. e4 g6 2. d4 Bg7 3. Nc3 d6 4. Nf3 a6 5. Be2 Nd7 6. Be3 b5 7. O-O Bb7 8. a3 c5
9. Qd2 cxd4 10. Nxd4 Ngf6 11. f3 O-O 12. Kh1 Re8 13. Nb3 Qc7 14. Nd1 d5 15. Na5
dxe4 16. Nxb7 Qxb7 17. Bh6 Rad8 18. Bxg7 Kxg7 19. fxe4 Qxe4 20. Bf3 Qe6 21. Qa5
Ne5 22. Bb7 Rd6 23. Re1 Nc4 24. Qc3 Qg4 25. Ne3 Nxe3 26. Rxe3 Red8 27. Rae1 e6
28. Rf3 Qg5 29. Ref1 e5 30. Rg3 Rd1 31. Rgf3 Rxf1+ 32. Rxf1 Rd6 33. Qc5 Re6 34.
Bc8 Ne4 35. Qd5 Rf6 36. Re1 Nf2+ 37. Kg1 Ng4 38. Bxg4 Qxg4 39. Qxe5 Qc4 40. c3
a5 41. h3 h5 42. Rd1 b4 43. axb4 axb4 44. cxb4 Qxb4 45. Rf1 Qb6+ 46. Kh1 Qd6
47. Qxf6+ Qxf6 48. Rxf6 Kxf6 49. Kg1 h4 50. Kf2 Ke5 51. Ke3 g5 52. b4 f5 53. b5
Kd5 54. b6 Kc6 55. Kd4 Kxb6 56. Ke5 g4 57. Kxf5 gxh3 58. gxh3 Kc6 59. Kg5 Kd6
60. Kxh4 Ke6 61. Kh5 Kf7 62. Kh6 Kg8 63. h4 Kh8 64. h5 Kg8 1/2-1/2

[Event "33. Senioren LEM Sachsen-Anhalt 50+"]
[Site "Magdeburg, Germany"]
[Date "2025.07.12"]
[Round "6.10"]
[White "Hanisch, Klaus"]
[Black "Kaiser, Andreas"]
[Result "1-0"]
[WhiteElo "2009"]
[BlackElo "1906"]
[PlyCount "101"]
[EventDate "2025.??.??"]

1. c4 b6 2. Nc3 c5 3. e4 Nc6 4. g3 Bb7 5. Bg2 g6 6. Nge2 Bg7 7. d3 e6 8. Be3
Nge7 9. Qd2 d6 10. Bh6 O-O 11. h4 f6 12. Bxg7 Kxg7 13. f4 e5 14. h5 Rh8 15.
O-O-O h6 16. hxg6 Nxg6 17. Rh5 Nge7 18. Rdh1 Ng8 19. Nd5 Nce7 20. Ne3 Bc8 21.
Bh3 Bd7 22. Nc3 Bc6 23. Be6 a6 24. Bxg8 Nxg8 25. Nf5+ Kf8 26. Nxh6 Qe8 27. f5
Ra7 28. g4 Rg7 29. Qh2 Ke7 30. Qe2 Nxh6 31. Rxh6 Rhg8 32. R1h4 Qf8 33. R6h5 Qf7
34. Rh6 Qf8 35. Rg6 Rxg6 36. fxg6 Rxg6 37. Qf3 Rg7 38. Qf5 Qe8 39. Rh6 Rf7 40.
g5 Qf8 41. Nd5+ Bxd5 42. exd5 Kd8 43. Rxf6 Rxf6 44. gxf6 Qh6+ 45. Kc2 Qh2+ 46.
Kb3 Qd2 47. f7 Qb4+ 48. Kc2 Qa4+ 49. Kc1 Qb4 50. f8=Q+ Kc7 51. Q5f7# 1-0

[Event "33. Senioren LEM Sachsen-Anhalt 50+"]
[Site "Magdeburg, Germany"]
[Date "2025.07.12"]
[Round "6.12"]
[White "Ackermann, Robert"]
[Black "Buciu, Aurel-John"]
[Result "1-0"]
[WhiteElo "2004"]
[BlackElo "1876"]
[PlyCount "31"]
[EventDate "2025.??.??"]

1. e4 d5 2. exd5 Qxd5 3. Nc3 Qd8 4. d4 Bf5 5. Nf3 Nf6 6. Bc4 e6 7. O-O c6 8.
Qe2 Bd6 9. Bg5 Nbd7 10. d5 cxd5 11. Nxd5 Be7 12. Nxe7 Qxe7 13. Bxf6 Qxf6 14.
Bb5 O-O-O 15. c3 Bg4 16. Qc4+ 1-0

[Event "33. Senioren LEM Sachsen-Anhalt 50+"]
[Site "Magdeburg, Germany"]
[Date "2025.07.12"]
[Round "6.13"]
[White "Stierle, Martin"]
[Black "Heiler, Karl"]
[Result "1/2-1/2"]
[WhiteElo "1947"]
[BlackElo "1870"]
[PlyCount "34"]
[EventDate "2025.??.??"]

1. d4 Nf6 2. c4 c5 3. d5 b5 4. cxb5 a6 5. bxa6 e6 6. Nc3 exd5 7. Nxd5 Be7 8.
Nxe7 Qxe7 9. Nf3 O-O 10. e3 Rxa6 11. Bxa6 Bxa6 12. b3 Nc6 13. Ba3 Ne4 14. Rc1
Re8 15. Qc2 Nb4 16. Bxb4 cxb4 17. Nd4 Nc3 1/2-1/2

[Event "33. Senioren LEM Sachsen-Anhalt 50+"]
[Site "Magdeburg, Germany"]
[Date "2025.07.12"]
[Round "6.14"]
[White "Schiller, Dirk"]
[Black "Weitz, Andreas"]
[Result "1/2-1/2"]
[WhiteElo "1847"]
[BlackElo "1941"]
[PlyCount "33"]
[EventDate "2025.??.??"]

1. d4 Nf6 2. Bf4 d5 3. e3 e6 4. Nf3 Be7 5. h3 O-O 6. Bd3 Ne4 7. Nbd2 f5 8. Ne5
Nd7 9. Ndf3 Ndf6 10. O-O c5 11. c3 Bd7 12. Nxd7 Nxd7 13. Ne5 Nxe5 14. Bxe5 Rc8
15. Bxe4 dxe4 16. Qb3 Qb6 17. Qxb6 1/2-1/2

[Event "33. Senioren LEM Sachsen-Anhalt 50+"]
[Site "Magdeburg, Germany"]
[Date "2025.07.12"]
[Round "6.16"]
[White "Mitschka, Manfred"]
[Black "Schroeder, Frank"]
[Result "0-1"]
[WhiteElo "1913"]
[BlackElo "1779"]
[PlyCount "114"]
[EventDate "2025.??.??"]

1. d4 d5 2. Nf3 Nf6 3. c4 dxc4 4. Nc3 e6 5. e4 a6 6. Bxc4 Be7 7. O-O O-O 8. Qc2
c5 9. Rd1 Qc7 10. Be2 cxd4 11. Nxd4 b5 12. Qd3 e5 13. Nf5 Bxf5 14. exf5 Rd8 15.
Qg3 Rxd1+ 16. Bxd1 Nc6 17. Bh6 Bf8 18. Bg5 Kh8 19. Bxf6 gxf6 20. Ne4 Be7 21.
Qh4 Qd8 22. Bb3 Nd4 23. Rd1 Qg8 24. Kf1 Nxf5 25. Qh3 Nd4 26. Rc1 f5 27. Ng3 Qg5
28. Re1 Bb4 29. Rd1 Rc8 30. Ne4 Qf4 31. Nc3 Bxc3 32. bxc3 Nxb3 33. axb3 Qg4 34.
Rd3 Qxh3 35. Rxh3 Kg7 36. Ke2 Kg6 37. Rg3+ Kf6 38. Kd2 e4 39. f4 Rd8+ 40. Kc2
Ke6 41. Rh3 Rg8 42. Rh6+ Rg6 43. Rxh7 Rxg2+ 44. Kd1 Rg4 45. Rh6+ f6 46. Rh7
Rxf4 47. h4 Rf3 48. Kd2 Rh3 49. h5 f4 50. Rh8 Rh2+ 51. Ke1 Kf5 52. h6 f3 53. h7
e3 54. Kd1 Rh1+ 55. Kc2 f2 56. Re8 f1=Q 57. h8=Q Qe2# 0-1

[Event "33. Senioren LEM Sachsen-Anhalt 50+"]
[Site "Magdeburg, Germany"]
[Date "2025.07.12"]
[Round "6.17"]
[White "Ritter, Uwe"]
[Black "Hansen, Jeppe"]
[Result "1-0"]
[WhiteElo "1895"]
[BlackElo "1834"]
[PlyCount "67"]
[EventDate "2025.??.??"]

1. Nf3 d5 2. d4 Bf5 3. g3 Nf6 4. Bg2 e6 5. O-O Nbd7 6. c4 Bxb1 7. Rxb1 dxc4 8.
Nd2 c6 9. Nxc4 Nb6 10. Ne5 Bd6 11. Nxc6 Qc7 12. Ne5 Bxe5 13. dxe5 Rd8 14. Qb3
Nfd5 15. Bg5 Rd7 16. Bxd5 Rxd5 17. Qa3 f6 18. Rbc1 Qd8 19. Be3 Rxe5 20. Bxb6
axb6 21. e4 Kf7 22. Rfd1 Qa8 23. Rc7+ Kg6 24. Rdd7 Qxa3 25. Rxg7+ Kh6 26. bxa3
Rxe4 27. Rxb7 Re2 28. Rge7 Rxa2 29. Rxe6 Kg5 30. Rbxb6 f5 31. Kg2 Rxa3 32. f4+
Kh5 33. Rh6+ Kg4 34. Rh4# 1-0

[Event "33. Senioren LEM Sachsen-Anhalt 50+"]
[Site "Magdeburg, Germany"]
[Date "2025.07.12"]
[Round "6.18"]
[White "Bangert, Udo"]
[Black "Dettmann, Nils"]
[Result "1/2-1/2"]
[WhiteElo "1882"]
[BlackElo "1812"]
[PlyCount "77"]
[EventDate "2025.??.??"]

1. Nf3 d5 2. e3 Bg4 3. h3 Bh5 4. d4 c6 5. Be2 Nf6 6. Nbd2 e6 7. O-O Be7 8. b3
O-O 9. Ne5 Bxe2 10. Qxe2 Nbd7 11. Bb2 Rc8 12. c4 Bb4 13. Nxd7 Qxd7 14. a3 Ba5
15. b4 Bc7 16. c5 Ne4 17. Nxe4 dxe4 18. f4 Qd5 19. Rfc1 a6 20. Rab1 Ra8 21. Ba1
Bd8 22. Bc3 Bf6 23. Rb2 Kh8 24. Kh1 g5 25. g3 Rg8 26. Rg1 Rg6 27. Rbb1 Rag8 28.
Bb2 gxf4 29. gxf4 Rxg1+ 30. Rxg1 Rxg1+ 31. Kxg1 Qf5 32. Qg4 Qxg4+ 33. hxg4 Kg8
34. Kg2 Bh4 35. Bc3 Kf8 36. Kf1 Be7 37. Be1 f5 38. g5 Kf7 39. Ke2 1/2-1/2

[Event "33. Senioren LEM Sachsen-Anhalt 50+"]
[Site "Maritim-Hotel Magdeburg"]
[Date "2015.07.12"]
[Round "6.19"]
[White "Hencke, Heiko"]
[Black "Giesenberg, Angela"]
[Result "1/2-1/2"]
[WhiteElo "1841"]
[BlackElo "1818"]
[PlyCount "52"]
[EventDate "2025.07.07"]
[WhiteTeam "SK Kaltenkirchen"]
[BlackTeam "Schachclub Hansa Dortmund"]

1. e4 d6 2. d4 Nf6 3. Nc3 g6 4. Nf3 Bg7 5. Bg5 h6 6. Be3 c6 7. Bc4 b5 8. Bd3 b4
9. Ne2 Bb7 10. O-O O-O 11. Qd2 c5 12. dxc5 Bxe4 13. Bxe4 Nxe4 14. Qxb4 Nxc5 15.
Rad1 Ne6 16. Qh4 g5 17. Qh3 Qd7 18. Qh5 Qb5 19. Ned4 Nxd4 20. Bxd4 Nd7 21. h4
e5 22. hxg5 exd4 23. Qh4 hxg5 24. Nxg5 Qf5 25. Rd3 Ne5 26. Rg3 f6 1/2-1/2

[Event "33. Senioren LEM Sachsen-Anhalt 50+"]
[Site "Maritim-Hotel Magdeburg"]
[Date "2015.07.12"]
[Round "6.20"]
[White "Schumacher, Maik"]
[Black "Huelle, Gunter"]
[Result "1-0"]
[WhiteElo "1877"]
[BlackElo "1746"]
[PlyCount "39"]
[EventDate "2025.07.07"]
[WhiteTeam "SV Gardelegen"]
[BlackTeam "SV Springer Leipzig"]

1. d4 Nf6 2. Nc3 d5 3. Bf4 a6 4. e3 Bf5 5. f3 h6 6. g4 Bh7 7. Bd3 Bxd3 8. cxd3
e6 9. Nge2 Bd6 10. Bxd6 cxd6 11. Qb3 b5 12. Rc1 O-O 13. h4 Nh7 14. Kf2 Nd7 15.
Rcg1 f5 16. Nf4 Qf6 17. Qd1 fxg4 18. Rxg4 Rf7 19. Rhg1 Ndf8 20. Nh5 1-0

[Event "33. Senioren LEM Sachsen-Anhalt 50+"]
[Site "Maritim-Hotel Magdeburg"]
[Date "2015.07.12"]
[Round "6.21"]
[White "Hammel, Juergen"]
[Black "Schirmag, Wolfgang"]
[Result "1/2-1/2"]
[WhiteElo "1790"]
[BlackElo "1775"]
[PlyCount "50"]
[EventDate "2025.07.07"]
[WhiteTeam "SC Grunbach"]
[BlackTeam "Postsportverein Magdeburg v 1926"]

1. e4 c5 2. Nf3 e6 3. d4 cxd4 4. Nxd4 a6 5. b3 Qc7 6. Bb2 Nf6 7. Bd3 b5 8. O-O
Bb7 9. Re1 d6 10. Nd2 Be7 11. Rc1 O-O 12. c4 b4 13. Nf1 Nc6 14. Nxc6 Bxc6 15.
e5 Nd7 16. exd6 Bxd6 17. Qh5 g6 18. Qg5 Bf4 19. Qh4 Bxc1 20. Bxc1 e5 21. Bh6
Rfe8 22. Re3 Qd6 23. Rh3 Qf6 24. Bg5 Qg7 25. Bh6 Qf6 1/2-1/2

[Event "33. Senioren LEM Sachsen-Anhalt 50+"]
[Site "Maritim-Hotel Magdeburg"]
[Date "2015.07.12"]
[Round "6.22"]
[White "Bachmann, Sylvia"]
[Black "Ahrens, Gunnar"]
[Result "0-1"]
[WhiteElo "1721"]
[BlackElo "1781"]
[PlyCount "54"]
[EventDate "2025.07.07"]
[WhiteTeam "SG Einheit Stassfurt"]
[BlackTeam "Delmenhorster SK V 1931"]

1. e4 Nc6 2. d4 d5 3. e5 Bf5 4. c3 e6 5. Nf3 f6 6. exf6 gxf6 7. Bb5 Qd7 8. Nh4
Bg6 9. Bf4 Nge7 10. O-O O-O-O 11. Re1 Bf7 12. a4 Ng6 13. Nxg6 hxg6 14. b4 Bd6
15. Qf3 g5 16. Bg3 Bxg3 17. Qxg3 Rdg8 18. Bf1 f5 19. a5 f4 20. Qd3 Bg6 21. Qe2
Bf5 22. b5 Qh7 23. h3 g4 24. bxc6 gxh3 25. f3 hxg2 26. Bxg2 Qh1+ 27. Kf2 Qxg2#
0-1

[Event "33. Senioren LEM Sachsen-Anhalt 50+"]
[Site "Maritim-Hotel Magdeburg"]
[Date "2015.07.12"]
[Round "6.23"]
[White "Hencke, Andrea"]
[Black "Janeke, Thomas"]
[Result "1/2-1/2"]
[WhiteElo "1779"]
[BlackElo "1738"]
[PlyCount "55"]
[EventDate "2025.07.07"]
[WhiteTeam "SK Kaltenkirchen"]
[BlackTeam "Sportgemeinschaft Kloetze Sued"]

1. e4 d5 2. exd5 Qxd5 3. d4 Nc6 4. Nf3 Bg4 5. Be2 O-O-O 6. c3 e5 7. O-O exd4 8.
cxd4 Bxf3 9. Bxf3 Qxd4 10. Qb3 Qb4 11. Bxc6 Qxb3 12. axb3 bxc6 13. Rxa7 Bc5 14.
Ra4 Kb7 15. Nc3 Ne7 16. Ne4 Bb6 17. Ng5 Rd3 18. Nxf7 Rf8 19. Rf4 Ng6 20. Rf5
Bd4 21. h4 Bf6 22. Ng5 Nxh4 23. Nxh7 Nxf5 24. Nxf8 Rxb3 25. Ne6 Nd4 26. Nc5+
Kb6 27. Nxb3 Nxb3 28. Be3+ 1/2-1/2

[Event "33. Senioren LEM Sachsen-Anhalt 50+"]
[Site "Maritim-Hotel Magdeburg"]
[Date "2015.07.12"]
[Round "6.24"]
[White "Angott, Juergen"]
[Black "Wolter, Kerstin"]
[Result "1/2-1/2"]
[WhiteElo "1867"]
[BlackElo "1719"]
[PlyCount "42"]
[EventDate "2025.07.07"]
[WhiteTeam "SC Grunbach"]
[BlackTeam "SV Gifhorn"]

1. e4 d5 2. exd5 Qxd5 3. Nf3 Nf6 4. Be2 Bf5 5. Nc3 Qd6 6. h3 c6 7. O-O e6 8. d3
Be7 9. Be3 O-O 10. Qd2 Qd8 11. a3 Nbd7 12. Rad1 Nb6 13. Nd4 Bg6 14. f4 Nfd5 15.
Nxd5 Nxd5 16. Nf3 b6 17. Bf2 Bd6 18. Ne5 Qc7 19. d4 f6 20. Nxg6 hxg6 21. g3 Kf7
1/2-1/2

[Event "33. Senioren LEM Sachsen-Anhalt 50+"]
[Site "Maritim-Hotel Magdeburg"]
[Date "2015.07.12"]
[Round "6.25"]
[White "Miller, Thomas"]
[Black "Klingler, Stefan"]
[Result "1/2-1/2"]
[WhiteElo "1541"]
[BlackElo "1754"]
[PlyCount "120"]
[EventDate "2025.07.07"]
[WhiteTeam "USC Magdeburg"]
[BlackTeam "SAbt TuS Makkabi Ffm"]

1. Nf3 b6 2. b4 Bb7 3. e3 e6 4. b5 d6 5. Bb2 Nd7 6. Bc4 a6 7. d3 Ne7 8. e4 Ng6
9. Qd2 Nf6 10. h4 h5 11. Nc3 Be7 12. Ne2 d5 13. exd5 Bxd5 14. Bxd5 Qxd5 15. a4
a5 16. Nf4 Nxf4 17. Qxf4 Qc5 18. Qd2 Qf5 19. Nd4 Qd5 20. O-O-O Qa2 21. Qc3 O-O
22. Qb3 Qxb3 23. Nxb3 Ng4 24. Rdf1 Rfd8 25. Kd2 Bc5 26. Nxc5 bxc5 27. f3 Nh6
28. g4 hxg4 29. fxg4 Nxg4 30. Rhg1 f5 31. Re1 Re8 32. Kc3 Rab8 33. Kc4 c6 34.
Bc3 cxb5+ 35. axb5 Ra8 36. Ra1 Ne3+ 37. Kb3 a4+ 38. Rxa4 Rxa4 39. Kxa4 e5 40.
Kb3 f4 41. Rg5 f3 42. Be1 Ng2 43. Bf2 e4 44. dxe4 Rxe4 45. Rf5 Nxh4 46. Rxc5
Ng6 47. Rc3 Rf4 48. Re3 Rf5 49. c4 Ne5 50. Rc3 g5 51. c5 Rf8 52. c6 Ng4 53. Bg3
f2 54. Bxf2 Nxf2 55. c7 Ne4 56. Rc6 g4 57. c8=Q Rxc8 58. Rxc8+ Kf7 59. Rc4 Nd2+
60. Kc3 Nxc4 1/2-1/2

[Event "33. Senioren LEM Sachsen-Anhalt 50+"]
[Site "Maritim-Hotel Magdeburg"]
[Date "2015.07.12"]
[Round "6.26"]
[White "Stahl, Lothar"]
[Black "Orschiedt-Eghbali, Anke"]
[Result "0-1"]
[WhiteElo "1680"]
[BlackElo "1754"]
[PlyCount "92"]
[EventDate "2025.07.07"]
[WhiteTeam "SC Grunbach"]
[BlackTeam "SK Landau"]

1. e4 g6 2. d4 c6 3. Nf3 Bg7 4. c3 d5 5. e5 Bg4 6. Be2 e6 7. O-O Ne7 8. h3 Bxf3
9. Bxf3 O-O 10. b4 Nd7 11. Bb2 a5 12. a3 b6 13. Nd2 Qc7 14. Be2 Rfc8 15. c4 c5
16. b5 cxd4 17. Bxd4 Bxe5 18. Bxe5 Qxe5 19. Nf3 Qb2 20. cxd5 Nxd5 21. Nd4 Nc3
22. Qd3 Nc5 23. Qe3 Nxe2+ 24. Nxe2 Qxb5 25. Rfb1 Qa6 26. Nd4 Rab8 27. a4 Qd3
28. Qe5 Qe4 29. Qf6 Nxa4 30. Nf3 Nc5 31. Re1 Qf5 32. Qe7 Rb7 33. Qh4 Nd3 34.
Red1 Rd7 35. Ng5 h5 36. Ne4 Kg7 37. Rd2 Rcd8 38. Rad1 Rd5 39. f3 f6 40. Qg3 Qf4
41. Qxf4 Nxf4 42. Rxd5 Rxd5 43. Rb1 f5 44. Ng5 Rd6 45. Kf2 a4 46. Rb4 Nd3+ 0-1

[Event "33. Senioren LEM Sachsen-Anhalt 50+"]
[Site "Maritim-Hotel Magdeburg"]
[Date "2015.07.12"]
[Round "6.27"]
[White "Gaertig, Johannes"]
[Black "Ehrich, Dieter"]
[Result "0-1"]
[WhiteElo "1724"]
[BlackElo "1653"]
[PlyCount "192"]
[EventDate "2025.07.07"]
[WhiteTeam "Haldensleber Sportclub"]
[BlackTeam "PSV Ribnitz-Damgarten"]

1. d4 c5 2. d5 Nf6 3. Nc3 d6 4. e4 a6 5. a4 e6 6. Bg5 h6 7. Bh4 e5 8. h3 Be7 9.
Nf3 Nbd7 10. Bd3 O-O 11. O-O Re8 12. Ne2 Nf8 13. Qd2 Ng6 14. Bxf6 Bxf6 15. c4
Nh4 16. Nxh4 Bxh4 17. f4 exf4 18. Qxf4 Qf6 19. Rab1 Bd7 20. Qxf6 Bxf6 21. b3
Re5 22. b4 Bxa4 23. bxc5 dxc5 24. Rxb7 Ree8 25. Rfb1 Be5 26. g4 Reb8 27. Kg2 a5
28. Ng1 Be8 29. Nf3 Rxb7 30. Rxb7 Bc3 31. e5 a4 32. g5 a3 33. Bb1 a2 34. Bxa2
Rxa2+ 35. Kg3 Ra3 36. Kf4 Ra4 37. d6 Rxc4+ 38. Ke3 Rb4 39. d7 Bxd7 40. Rxd7 Rb8
41. Rc7 Ba5 42. Rc6 Rb3+ 43. Ke4 Rb4+ 44. Kd5 Rb3 45. Ke4 Rb4+ 46. Kd5 Rf4 47.
Rxc5 Rxf3 48. Rxa5 hxg5 49. Ra8+ Kh7 50. Ke4 Rxh3 51. Kf5 Rg3 52. Rf8 g4 53.
Kf4 Rg1 54. Rd8 g3 55. Kf3 Re1 56. Re8 Kg6 57. Kxg3 Kf5 58. Re7 Rxe5 59. Rxf7+
Kg6 60. Rf8 Kg5 61. Rf4 g6 62. Rf8 Rf5 63. Rg8 Rf7 64. Re8 Kf5 65. Re3 Kg5 66.
Re5+ Rf5 67. Re8 Rc5 68. Rf8 Rc3+ 69. Kg2 Kg4 70. Rg8 g5 71. Rg7 Rc2+ 72. Kf1
Rc5 73. Kg2 Rf5 74. Rg8 Rc5 75. Rd8 Rc2+ 76. Kf1 Kh3 77. Rh8+ Kg3 78. Rd8 g4
79. Rd3+ Kh2 80. Rd4 Rc1+ 81. Kf2 g3+ 82. Ke2 Rc2+ 83. Kf3 Rf2+ 84. Ke3 Kg2 85.
Rh4 Kg1 86. Rd4 g2 87. Rd1+ Rf1 88. Rd4 Rf8 89. Ke2 Rf7 90. Rg4 Kh2 91. Rh4+
Kg3 92. Rh6 Rg7 93. Rd6 g1=Q 94. Rd3+ Kh2 95. Rd2 Rg2+ 96. Kd3 Rxd2+ 0-1

[Event "33. Senioren LEM Sachsen-Anhalt 50+"]
[Site "Maritim-Hotel Magdeburg"]
[Date "2015.07.12"]
[Round "6.28"]
[White "Stolzenwald, Frank"]
[Black "Vogt, Joerg"]
[Result "0-1"]
[WhiteElo "1630"]
[BlackElo "1748"]
[PlyCount "32"]
[EventDate "2025.07.07"]
[WhiteTeam "SF Hamburg 1934"]
[BlackTeam "SC Norbertus Magdeburg"]

1. Nc3 Nf6 2. Nf3 e6 3. d4 h6 4. Bf4 Bb4 5. e3 Ne4 6. Qd3 Bxc3+ 7. bxc3 d5 8.
c4 c6 9. Qa3 Qe7 10. c5 Nd7 11. Rb1 f6 12. Bc7 Ndxc5 13. Ba5 Nd7 14. Qxe7+ Kxe7
15. Nd2 Nxd2 16. Kxd2 b6 0-1